Hobbes et la pensée politique moderne.

Salvato in:
Dettagli Bibliografici
Autore principale: Zarka, Yves Charles (auteur)
Natura: Libro
Pubblicazione: Paris, France: PUF, 2001
Edizione:1re édition "Quadrige"
Serie:Quadrige
Soggetti:
Tags: Aggiungi Tag
Nessun Tag, puoi essere il primo ad aggiungerne!!

MARC

LEADER 00000nam a22000007a 4500
003 CL-VaPUC
005 20220822114740.0
008 220728t2001 ||||| |||| 00| 0 eng d
999 |c 437710  |d 437708 
020 |a 2130521398 
022 |a 0291-0489 
040 |c Pontificia Universidad Católica de Valparaíso 
082 7 |a 192 ZAR 2001  |2 22 
100 |a Zarka, Yves Charles  |9 463695  |e auteur 
245 |a Hobbes et la pensée politique moderne. 
250 |a 1re édition "Quadrige" 
260 |a Paris, France:  |b PUF,  |c 2001 
300 |a 308 páginas. 
490 |a Quadrige  |n  334. 
500 |a c.1 Donación Familia Prof. Alejandro Guzmán Brito. 
583 |c 20220728  |k Catalogador Asistente 
600 0 |a Hobbes, Thomas  |9 871810  |d 1588-1679  |x Pensamiento político y social  
650 |a Filosofía politica  |9 874298 
650 0 |a Ciencias Políticas  |9 255201 
942 |2 ddc  |c BK  |n 0 
952 |0 0  |1 0  |2 ddc  |4 0  |6 192_000000000000000_ZAR_2001  |7 0  |8 C_AGB  |9 585501  |a BIBDER  |b BIBDER  |d 2022-07-28  |e Donación  |i 5653540  |o 192 ZAR 2001  |p 5653540  |r 2023-01-25  |t 1  |w 2022-07-28  |y BK_US  |k AGB